[Event "Skakmot odlinga 2016"]
[Site "Faxafen 12, Reykjavik"]
[Date "2016.05.11"]
[Round "7.12"]
[White "Hreinsson, Arnthor"]
[Black "Sigurvaldason, Hjalmar"]
[Result "0-1"]
[WhiteElo "1542"]
[BlackElo "1426"]
[PlyCount "52"]
[EventDate "2016.03.30"]

1. Nf3 f5 2. d4 Nf6 3. c4 g6 4. Nc3 Bg7 5. e3 O-O 6. Bd3 d6 7. Qc2 Nc6 8. a3 e5
9. c5 e4 10. Bc4+ d5 11. Ng5 dxc4 12. Ne2 Qe8 13. Qxc4+ Kh8 14. Nf4 h6 15. Nge6
Bxe6 16. Nxe6 Rf7 17. Bd2 Re7 18. Nxg7 Kxg7 19. Bc3 Rd8 20. d5 Ne5 21. Qb3 Nd3+
22. Ke2 Nxc5 23. Bxf6+ Kxf6 24. Qc3+ Re5 25. Qxc5 Rexd5 26. Rhc1 Rxc5 0-1

[Event "Skakmot odlinga 2016"]
[Site "Faxafen 12, Reykjavik"]
[Date "2016.05.11"]
[Round "7.13"]
[White "Bjarnason, Larus H"]
[Black "Kristbergsson, Bjorgvin"]
[Result "1-0"]
[WhiteElo "1650"]
[BlackElo "1100"]
[PlyCount "57"]
[EventDate "2016.03.30"]

1. e4 c5 2. f4 g6 3. Nf3 Bg7 4. Bc4 e6 5. O-O Ne7 6. c3 h6 7. d3 a6 8. Be3 b6
9. d4 cxd4 10. Nxd4 Bb7 11. Nd2 b5 12. Bd3 O-O 13. f5 exf5 14. exf5 Nd5 15. Bf2
Nf4 16. N2f3 Bxd4 17. Bxd4 Bxf3 18. Qxf3 Qg5 19. Qxf4 Qxf4 20. Rxf4 g5 21. Re4
Nc6 22. Bf6 d5 23. Rg4 Kh7 24. h4 Rae8 25. Kf2 Ne5 26. Bxe5 Rxe5 27. hxg5 Rfe8
28. f6+ Kh8 29. Rh1 1-0